Tekst piosenki ''Pieniądze to nie wszystko'' - Statystyki

Ogólne statystyki
  • Ten quiz został rozwiązany 38 razy
  • Średni wynik to 15 z 28
Statystyki odpowiedzi
Tekst: Brakujące Słowa: % Poprawnych
Pieniądze ... to nie wszystko Jednak
86%
Pieniądze ... to nie wszystko Jednak
86%
Pieniądze ... to nie wszystko Jednak
86%
Choć na nich ... stoi świat Twardo
86%
Choć na nich ... stoi świat Twardo
86%
Choć na nich ... stoi świat Twardo
86%
Nawet, gdy ... brak Forsy
83%
Nawet, gdy ... brak Forsy
83%
... się ktoś, kto jest wciąż blisko Liczy
72%
... się ktoś, kto jest wciąż blisko Liczy
72%
... się ktoś, kto jest wciąż blisko Liczy
72%
Naiwnie wierzysz w jakiś ... Cud
66%
Ułożyłbyś się nawet z ... Diabłem
62%
I wszystko ... bardzo źle Idzie
62%
Chociaż posuwasz pełną ... Parą
59%
Tysiąc, a może ... lat Więcej
59%
Że w raju jesteś ... Sam
55%
... wygrana Ci się marzy Wielka
55%
Które ma ... w dnie Dziurę
52%
Bo trudno nalać do ... Naczynia
31%
Byleby ... łup Zgarnąć
31%
W ... drobny mak Kieszeni
21%
Kluczyk do ... raju bram Złotych
17%
Czasami boli ... Egzystencja
14%
Myślisz że forsa Ci ... Załatwi
14%
Tak jak ... brat Bliźniaczy
10%
Do ... za daleko Ideału
10%
... może się okazać Tymczasem
7%
Nie znaleziono quizów pasujących do podanych kryteriów
Rozkład punktacji
Procent ludzi z każdym wynikiem
Percentyl według liczby udzielonych odpowiedzi
Twoja historia wyników
Nie rozwiązałeś tego quizu